000 01190nac a22003737a 4500
001 BR8202946
003 BR-BrBNA
005 20240105115328.0
008 230509b bl.|||m| |||| 00| 0 por d
040 _aBR-BrBNA
_bpor
_cBiblioteca Nacional de Agricultura
072 _aF00; L00; E70
090 _a0430 BR8202946
110 1 _aSecretaria de Estado da Agricultura, Curitiba, PR (Brasil). Depto. de Economia Rural;
_98815
110 1 _aComissao Estadual de Planejamento Agricola, Curitiba, PR (Brasil)
_92046
245 1 _aAgrosituacional. Situacao agropecuaria do Parana [algodao, amendoim, arroz, batata, milho, rami, soja, trigo, pecuaria, Brasil]
260 3 _aCuritiba, PR (Brasil):
_c1982.
300 _a6 p.
490 _aAgrosituacional. Situacao Agropecuaria do Parana (Brazil)
_vv. 4(14)
_x
650 _aPRECO
650 _aALGODAO
650 _aAMENDOIM
650 _aARROZ
650 _aBATATA
650 _aFEIJAO
650 _aMILHO
650 _aRAMI
650 _aSOJA
650 _aTRIGO
650 _aPECUARIA
650 _aCUSTO DE PRODUCAO
650 _aPARANA
909 _a202312
_bLúcia Elande
_c55
_dLúcia Elande
942 _2AGRIS
_n0
_cMS
999 _c274309
_d274309